000 00356nam a2200145Ia 4500
008 191201s2007 xx 000 0 und d
082 _a510
_bBAT
100 _aBALI, N P
245 0 _aTextbook of Engineering Mathematics 3rd Sem.
250 _a6th
260 _aN.Delhi
_bLaxmi Publications
_c2007
300 _a353
650 _aApplied
942 _2ddc
_cBK
999 _c4096
_d4096